| 000 | 00464nam a2200169Ia 4500 | ||
|---|---|---|---|
| 003 | GCL | ||
| 008 | 140319s9999 xx 000 0 eng d | ||
| 040 |
_aGCL / _cGCL |
||
| 082 | 0 | 4 |
_a615.8512 _bM P |
| 100 | 1 | _aMEYER, ROLSERT G. | |
| 245 | 1 | 0 |
_aPractical Clinical Hypnasis: Techniques and Applications / _cMEYER, ROLSERT G. |
| 260 |
_a[S.N] : _bLEXINGTON BOOKS ، _c1992 |
||
| 300 | _a409.P | ||
| 650 | 0 | 4 | _aHYPNSTION |
| 650 | 0 | 4 | _aTHERAPEUTICS |
| 942 |
_2ddc _cBK |
||
| 999 |
_c22462 _d22462 |
||